Assessment of medical and dietary therapy compliance among diabetes patients in Kitwe, Zambia (Record no. 84197)

MARC details
000 -LEADER
fixed length control field 00657 a2200205 4500
003 - CONTROL NUMBER IDENTIFIER
control field CBULib
005 - DATE AND TIME OF LATEST TRANSACTION
control field 20240122091028.0
008 - FIXED-LENGTH DATA ELEMENTS--GENERAL INFORMATION
fixed length control field 240122b |||||||| |||| 00| 0 eng d
040 ## - CATALOGING SOURCE
Original cataloging agency CBULib
Language of cataloging eng
Transcribing agency CBULib
Modifying agency CBULib
Description conventions rda
041 ## - LANGUAGE CODE
Language code of text/sound track or separate title Eng
050 ## - LIBRARY OF CONGRESS CALL NUMBER
Classification number CBU-PGTHESIS/ONE
100 ## - MAIN ENTRY--PERSONAL NAME
Personal name Onesi, Marriam
245 ## - TITLE STATEMENT
Title Assessment of medical and dietary therapy compliance among diabetes patients in Kitwe, Zambia
Statement of responsibility, etc by/Marriam Onesi
260 ## - PUBLICATION, DISTRIBUTION, ETC. (IMPRINT)
Name of publisher, distributor, etc Copperbelt University
Date of publication, distribution, etc 2023
Place of publication, distribution, etc Kitwe
300 ## - PHYSICAL DESCRIPTION
Extent Viii,74pages: illustrations
336 ## - CONTENT TYPE
Source rdacontent
Content type term Text |
Content type code txt
337 ## - MEDIA TYPE
Source rdamedia
Media type term Unmediated |
Media type code n
338 ## - CARRIER TYPE
Source rdacarrier
Carrier type term Volume
Carrier type code nc
942 ## - ADDED ENTRY ELEMENTS (KOHA)
Source of classification or shelving scheme
Koha item type UNIVERSITY COLLECTION
Holdings
Withdrawn status Lost status Source of classification or shelving scheme Materials specified (bound volume or other part) Damaged status Not for loan Collection code Permanent Location Current Location Shelving location Date acquired Source of acquisition Full call number Barcode Date last seen Price effective from Koha item type
      DEP-CBU/01/2024     Special Collections CBU-MAIN LIBRARY, KITWE. CBU-MAIN LIBRARY, KITWE. Special Collections 01/22/2024 DEP-CBU CBU-PG THESIS/2023 B92491 01/22/2024 01/22/2024 UNIVERSITY COLLECTION